Лиза, или Следствия гордости и обольщения, (Запись № 10049110)

Подробности
000 -МАРКЕР
контрольное поле 02501nam0a22004331 4500
001 - ИДЕНТИФИКАТОР ЗАПИСИ
контрольное поле RU\NLR\A1DV\30040
005 - ИДЕНТИФИКАТОР ВЕРСИИ
контрольное поле 20260408063611.0
035 ## - ДРУГИЕ СИСТЕМНЫЕ НОМЕРА
Идентификатор записи (NLR Aleph) 010777156
100 ## - ДАННЫЕ ОБЩЕЙ ОБРАБОТКИ
Данные общей обработки 20010731d1804 m y0rusy50 ca
101 0# - ЯЗЫК РЕСУРСА
Язык текста, звукозаписи и т.д. русский
102 ## - СТРАНА ПУБЛИКАЦИИ ИЛИ ПРОИЗВОДСТВА
Страна публикации Российская Федерация
140 ## - ПОЛЕ КОДИРОВАННЫХ ДАННЫХ: СТАРОПЕЧАТНЫЕ ИЗДАНИЯ - ОБЩАЯ ИНФОРМАЦИЯ
Кодированные данные о старопечатном издании - Основные y y cayaa0000
200 1# - ЗАГЛАВИЕ И СВЕДЕНИЯ ОБ ОТВЕТСТВЕННОСТИ
Основное заглавие Лиза, или Следствия гордости и обольщения,
Сведения, относящиеся к заглавию драма в пяти действиях,
Первые сведения об ответственности сочинения В.Федорова,
Последующие сведения об ответственности заимствованная из Бедной Лизы гна Карамзина.
-- Представлена в первый раз на Петербургском Придворном театре 2 декабря 1803 года
210 ## - ПУБЛИКАЦИЯ, РАСПРОСТРАНЕНИЕ И ДР.
Место издания, распространения и т.д. Москва
Имя издателя, распространителя и т. д. в типографии С.Селивановскаго
Дата издания, распространения и т.д. 1804
215 ## - ФИЗИЧЕСКАЯ ХАРАКТЕРИСТИКА
Специфическое обозначение материала и объем [8], 76 с.
Размеры
300 ## - ОБЩИЕ ПРИМЕЧАНИЯ
Текст примечания Ценз.: Моск. ун-та ценз. ком.
300 ## - ОБЩИЕ ПРИМЕЧАНИЯ
Текст примечания Цена: 1 рубль в бумажке
300 ## - ОБЩИЕ ПРИМЕЧАНИЯ
Текст примечания На с.[3-5] посвящ. авт. имп. Елизавете Алексеевне
316 ## - ПРИМЕЧАНИЯ ОБ ОСОБЕННОСТЯХ ЭКЗЕМПЛЯРА
Текст примечания Экз. РНБ (18.168.2.22) в изд. обл.
Организация и экземпляр, к которому относится поле NLR: 18.168.2.22
317 ## - ПРИМЕЧАНИЯ О ПРОИСХОЖДЕНИИ ЭКЗЕМПЛЯРА
Текст примечания Экз. РНБ (18.168.2.22) из б-ки М.Е.Лобанова
Организация и экземпляр, к которому относится поле NLR: 18.168.2.22
321 1# - ПРИМЕЧАНИЯ ОБ ОТДЕЛЬНО ИЗДАННЫХ УКАЗАТЕЛЯХ / РЕФЕРАТАХ / ССЫЛКАХ, ОТРАЖАЮЩИХ КАТАЛОГИЗИРУЕМЫЙ ДОКУМЕНТ
Примечания об указателях, рефератах, ссылках Плав. 5451
321 1# - ПРИМЕЧАНИЯ ОБ ОТДЕЛЬНО ИЗДАННЫХ УКАЗАТЕЛЯХ / РЕФЕРАТАХ / ССЫЛКАХ, ОТРАЖАЮЩИХ КАТАЛОГИЗИРУЕМЫЙ ДОКУМЕНТ
Примечания об указателях, рефератах, ссылках Смирд. 7523
321 1# - ПРИМЕЧАНИЯ ОБ ОТДЕЛЬНО ИЗДАННЫХ УКАЗАТЕЛЯХ / РЕФЕРАТАХ / ССЫЛКАХ, ОТРАЖАЮЩИХ КАТАЛОГИЗИРУЕМЫЙ ДОКУМЕНТ
Примечания об указателях, рефератах, ссылках Соп. 3385
517 1# - ДРУГИЕ ВАРИАНТЫ ЗАГЛАВИЯ
Вариант заглавия Следствия гордости и обольщения
620 ## - МЕСТО И ДАТА ПУБЛИКАЦИИ, ИСПОЛНЕНИЯ И Т. Д.
Город Москва
700 #1 - ИМЯ ЛИЦА - ПЕРВИЧНАЯ ОТВЕТСТВЕННОСТЬ
Код отношения Автор
Материалы, к которым относится поле rus
Графика поля Кириллица
Начальный элемент ввода Федоров
Часть имени, кроме начального элемента ввода В. М.
Дополнения к именам, кроме дат поэт, драматург
Расширение инициалов личного имени Василий Михайлович
Идентификатор авторитетной/нормативной записи RU\NLR\AUTH\7785480
Системный номер авторитетной/нормативной записи 68408
702 #1 - ИМЯ ЛИЦА - ВТОРИЧНАЯ ОТВЕТСТВЕННОСТЬ
Код отношения Библиографический предшественник
Материалы, к которым относится поле rus
Графика поля Кириллица
Начальный элемент ввода Карамзин
Часть имени, кроме начального элемента ввода Н. М.
Даты 1766-1826
Расширение инициалов личного имени Николай Михайлович
Идентификатор авторитетной/нормативной записи RU\NLR\auth\773443
Системный номер авторитетной/нормативной записи 113439
702 #0 - ИМЯ ЛИЦА - ВТОРИЧНАЯ ОТВЕТСТВЕННОСТЬ
Код отношения Объект посвящения
Материалы, к которым относится поле rus
Графика поля Кириллица
Начальный элемент ввода Елизавета Алексеевна
Дополнения к именам, кроме дат императрица российская
Даты 1779-1826
Идентификатор авторитетной/нормативной записи RU\NLR\AUTH\7712136
Системный номер авторитетной/нормативной записи 121867
702 #1 - ИМЯ ЛИЦА - ВТОРИЧНАЯ ОТВЕТСТВЕННОСТЬ
Код отношения Бывший владелец
Материалы, к которым относится поле rus
Графика поля Кириллица
Начальный элемент ввода Лобанов
Часть имени, кроме начального элемента ввода М. Е.
Дополнения к именам, кроме дат переводчик, поэт
Даты 1787-1846
Расширение инициалов личного имени Михаил Евстафьевич
Идентификатор авторитетной/нормативной записи RU\NLR\AUTH\7794504
Системный номер авторитетной/нормативной записи 77430
702 #1 - ИМЯ ЛИЦА - ВТОРИЧНАЯ ОТВЕТСТВЕННОСТЬ
Код отношения Печатник (типограф)
Графика поля Кириллица
Материалы, к которым относится поле rus
Начальный элемент ввода Селивановский
Часть имени, кроме начального элемента ввода С.И.
Даты 1772-1835
Расширение инициалов личного имени Семен Иоанникиевич
Системный номер авторитетной/нормативной записи 236104
Идентификатор авторитетной/нормативной записи RU\NLR\AUTH\770236160
712 00 - НАИМЕНОВАНИЕ ОРГАНИЗАЦИИ - ВТОРИЧНАЯ ОТВЕТСТВЕННОСТЬ
Код отношения Печатник (типограф)
Начальный элемент ввода Селивановский,
Инверсированный элемент С.,
Часть наименования, отличная от начального элемента ввода и от инверсированного элемента типография и словолитня
Идентифицирующий признак Москва
Идентификатор авторитетной/нормативной записи RU\NLR\AUTH\8810035689
Системный номер авторитетной/нормативной записи 569800
801 #0 - ИСТОЧНИК ЗАПИСИ
Страна Российская Федерация
Организация NLR
Дата составления 20010731
852 ## - МЕСТОНАХОЖДЕНИЕ И ШИФР ХРАНЕНИЯ
Идентификатор организации NLR
Шифр хранения (Call Number) 18.168.2.22
852 ## - МЕСТОНАХОЖДЕНИЕ И ШИФР ХРАНЕНИЯ
Идентификатор организации NLR
Шифр хранения (Call Number) 138/1873
942 ## - ДОПОЛНИТЕЛЬНЫЕ ЭЛЕМЕНТЫ ЗАПИСИ (АБИС)
Тип экземпляра АБИС Книга
980 ## - КОЛЛЕКЦИЯ
Название коллекции Национальная библиография
980 ## - КОЛЛЕКЦИЯ
Название коллекции 19 век (1-я четв.)
Экземпляры
Тип экземпляра Дата поступления Библиотека постоянного хранения Библиотека текущего хранения Место хранения Шифр хранения Штрих-код Статус экземпляра
Книга 13.05.2016 РНБ (Садовая) РНБ (Садовая) Русский книжный фонд -Главное здание, Ленинский читальный зал 18.168.2.22 10777156-10